[Event "1st Irena Warakomska Memorial"]
[Site "Suwalki"]
[Date "2017.08.16"]
[Round "7"]
[White "Kveinys, Aloyzas"]
[Black "Sadzikowski, Daniel"]
[Result "1/2-1/2"]
[WhiteElo "2548"]
[BlackElo "2594"]
[Annotator "TA"]
[PlyCount "118"]
[EventDate "2017.??.??"]
[EventType "swiss"]
[EventCountry "POL"]
[SourceTitle "playchess.com"]
[Source "ChessBase"]
[SourceQuality "1"]

{[%evp 29,118,8,10,-39,-21,-35,-27,-41,-37,-52,0,-49,-27,-37,-23,-47,-49,-58,-46,-40,0,-60,-46,-49,-52,-71,-6,-6,-6,-27,-3,-95,-78,-97,-87,-80,-95,-84,-92,-80,-75,-92,-41,-43,-44,-35,-21,-57,-8,-8,-8,-8,-8,-20,0,-8,0,-8,-10,-147,0,-8,0,-8,0,-8,-8,-8,0,0,0,0,0,0,0,0,0,0,0,-8,0,0,0,0,0,0,0,0,0,0,0]} 1. d4 Nf6 2. c4 e6 3. Nc3 Bb4 4. e3 O-O 5. Bd3 d5 6. Nf3 b6 7. O-O Bb7 8. cxd5 exd5 9. a3 Bd6 10. b4 Nbd7 11. Qb3 a6 12. a4 {E52: Nimzo-Indian: Rubinstein: 4...0-0 5 Nf3 d5 6 Bd3 b6} Qe7 13. b5 axb5 14. Nxb5 c5 15. Nxd6 Qxd6 {LiveBook: 7 Games} 16. Bb5 (16. Bf5 {keeps more tension.} Ra6 17. Bb2 c4 18. Qc3 Qc6 19. Qb4) 16... Ba6 17. Rd1 Bxb5 18. Qxb5 Rfb8 19. Bd2 {[%cal Bc1d2,Bd2e1,Be1b4][%mdl 32]} c4 (19... Ne4 $15) 20. Rdb1 Rc8 21. Be1 Ne4 22. Bb4 Qe6 23. Ne1 Ndf6 24. Nf3 Nd7 25. Ne1 Nd6 26. Bxd6 $1 Qxd6 27. Qb4 Qxb4 ({Black should play} 27... Qg6 $17) 28. Rxb4 $11 Ra5 29. Rb5 Rca8 30. Rxa5 (30. Rab1 $1 $11) 30... bxa5 {[%mdl 4096] Endgame KRN-KRN} 31. Rb1 {[#]} Rb8 $1 {[%cal Rb8b1]} 32. Rb5 Rxb5 33. axb5 $17 {KN-KN} Kf8 34. Nc2 Ke7 35. f3 f5 (35... Kd6 $17 36. Na3 f5) 36. Kf2 Kd6 37. Na3 $1 Nb6 38. h3 Ke6 39. Ke2 g6 40. Kd2 Kd6 41. Ke2 Ke6 42. Kd2 Kf6 43. Ke2 Kg5 44. Kd2 {[#]} (44. e4 $11 {keeps the balance.}) 44... Kf6 (44... Kh4 $1 $17 {And now ...Kg3 would win.} 45. e4 fxe4 46. fxe4 dxe4) 45. Ke2 {The position is equal.} h5 46. h4 g5 47. hxg5+ Kxg5 48. g3 a4 49. Kd2 {Kc3 is the strong threat.} h4 50. f4+ Kg4 51. gxh4 Kxh4 52. Kc3 Kg3 53. Kb4 {Black must now prevent Kc5.} Nd7 54. b6 (54. Ka5 $5 {[%cal Ra5a6]} Kf2 55. b6 $11) 54... Kf3 (54... Nxb6 $5 55. Kc5 $8 Nc8 56. Kxd5 c3 $11) 55. b7 {Hoping for Nc2.} Kxe3 56. Kb5 Kxd4 57. Kc6 $1 {[%cal Rc6d7]} Nb8+ 58. Kc7 Na6+ 59. Kb6 Nb8 {Precision: White = 47%, Black = 41%.} 1/2-1/2

[Event "1st Irena Warakomska Memorial"]
[Site "Suwalki"]
[Date "2017.08.16"]
[Round "7"]
[White "Warakomski, Tomasz"]
[Black "Stoma, Pawel"]
[Result "1-0"]
[WhiteElo "2536"]
[BlackElo "2348"]
[Annotator "TA"]
[PlyCount "87"]
[EventDate "2017.??.??"]
[EventType "swiss"]
[EventCountry "POL"]
[SourceTitle "playchess.com"]
[Source "ChessBase"]
[SourceQuality "1"]

{[%evp 12,86,0,-8,16,4,34,4,45,40,50,31,35,46,114,77,80,81,103,94,96,93,146,161,158,139,111,59,68,69,59,6,14,18,10,-16,-16,-20,-23,-30,-25,0,0,2,2,0,66,0,0,0,0,0,0,0,0,0,0,0,0,0,0,0,0,0,0,0,0,0,0,0,0,0,12825,6407,5481,3762,29999]} 1. e4 d6 2. f4 Nf6 3. d3 g6 4. Nf3 Bg7 5. Be2 c5 6. O-O {B07: Pirc Defence: Miscellaneous Systems} Nc6 7. c3 {LiveBook: 47 Games} b5 (7... O-O 8. Kh1 b5 9. a3 a5 10. Be3 Ng4 11. Bg1 e5 12. fxe5 Ngxe5 13. Nxe5 Nxe5 14. d4 Nd7 15. Bxb5 Qc7 {1-0 (42) Fedoseev,V (2664)-Yu,Y (2736) Ningbo 2015}) 8. a3 $146 {The position is equal.} ({Predecessor:} 8. e5 Nd5 9. d4 Qb6 10. Kh1 e6 11. a4 bxa4 12. Na3 dxe5 13. fxe5 Ba6 14. Bxa6 Qxa6 {1-0 (35) Lauren,M (2191)-Kopsa,P (2037) Finland 2015}) 8... Nd7 9. d4 cxd4 10. cxd4 Qb6 {[%cal Rc6d4]} 11. Be3 Nf6 $1 {[%cal Rf6g4] White must now prevent ...Ng4.} 12. Nc3 a6 (12... Ng4 $14 13. Nd5 Qb7) 13. Kh1 $36 {[%mdl 2048] White has strong initiative.} O-O 14. Bg1 {Threatens to win with d5.} Na5 15. Nd2 Bb7 16. d5 Qc7 {[#]} (16... Qd8 $142) 17. Rc1 $1 $16 {Strongly threatening Nxb5.} Rac8 18. b4 Nc4 {[#]} 19. Bxc4 (19. Na4 $1 $16 {[%mdl 512]}) 19... bxc4 $14 20. Na4 e6 21. Rxc4 (21. dxe6 $14 fxe6 22. Rxc4) 21... Qe7 $11 22. Rxc8 Rxc8 23. Bd4 exd5 24. Nb6 Re8 25. Bxf6 Qxf6 26. exd5 Qd8 27. Ndc4 Re4 28. f5 g5 ({Better is} 28... Rd4 $11 29. Qf3 g5) 29. Re1 ({White should try} 29. Qb1 $1 $14 Qe7 30. Na5) 29... Rxe1+ 30. Qxe1 Bd4 31. Qd2 $1 {[%cal Rd2d4]} Bxb6 32. Nxb6 Qxb6 33. Qxg5+ Kf8 $1 34. f6 Qd4 {[%cal Rd4d1]} 35. Qg7+ $1 Ke8 {[%cal Rd4d1]} 36. Qg8+ Kd7 {[%cal Rd4d1]} 37. Qxf7+ Kc8 {[%cal Rd4d1]} 38. Qe8+ Kc7 39. Qe7+ Kc8 {( -> ...Qd1+)} 40. h3 Qd1+ 41. Kh2 Qxd5 $2 {[%mdl 8192]} (41... Qd2 $11) 42. Qf8+ $18 Kd7 43. Qg7+ Ke8 44. Qe7# {Precision: White = 62%, Black = 60%.} 1-0

[Event "1st Irena Warakomska Memorial"]
[Site "Suwalki"]
[Date "2017.08.16"]
[Round "7"]
[White "Kanarek, Marcel"]
[Black "Plichta, Kamil"]
[Result "1/2-1/2"]
[WhiteElo "2530"]
[BlackElo "2341"]
[Annotator "TA"]
[PlyCount "66"]
[EventDate "2017.??.??"]
[EventType "swiss"]
[EventCountry "POL"]
[SourceTitle "playchess.com"]
[Source "ChessBase"]
[SourceQuality "1"]

{[%evp 22,66,0,-10,4,6,7,0,4,0,0,0,0,0,0,0,1,1,27,0,0,0,0,0,0,7,28,5,88,88,88,85,95,94,93,27,27,27,27,0,0,0,0,0,0,0,0]} 1. e4 e5 2. Nf3 Nc6 3. d4 exd4 4. Bc4 Nf6 5. O-O Nxe4 6. Re1 d5 7. Bxd5 Qxd5 8. Nc3 Qd7 9. Nxe4 Be7 10. Bg5 O-O 11. Bxe7 Qxe7 12. Nxd4 {LiveBook: 3 Games. C56: Two Knights: 4 d4 exd4 5 0-0 Nxe4} Nxd4 (12... Bd7 13. Nb5 Be6 14. Qh5 Rad8 15. Ng5 h6 16. Nxe6 fxe6 17. Rad1 Rf5 18. Qe2 Re5 19. Qf1 Rxd1 20. Rxd1 a6 21. Nc3 Qb4 22. Rb1 Qd4 23. Rd1 Qb4 24. Rb1 Qd4 25. Rd1 {½-½ (25) Nikolovski,N (2311)-Stefanov,E (2458) Veliko Tarnovo 2017}) 13. Qxd4 Rd8 14. Nc5 Qf8 15. Qe5 b6 16. Ne4 {[%cal Bc5e4,Be4d6,Bd6f5,Bf5e7][%mdl 32]} c5 17. Rad1 h6 $146 ({Predecessor:} 17... Be6 18. Ng5 Rxd1 19. Rxd1 Rd8 {0-1 (39) Linton,W-Eley,B Blackpool 1971}) 18. Nd6 Bg4 {[%cal Bc8g4,Bg4h5,Bh5g6][%mdl 32]} 19. f3 $36 {[%mdl 2048] Black is under pressure.} Bh5 20. Nf5 {[#] And now Rxd8 would win.} Bg6 21. Ne7+ Kh7 22. c4 (22. Qe2 {seems wilder.} Rxd1 23. Rxd1 Rd8 24. Nxg6 Rxd1+ 25. Qxd1 Kxg6 26. g3) 22... Rxd1 23. Rxd1 f6 24. Nxg6 (24. Qc7 {is interesting.} Qf7 25. b3 Bf5 26. Nd5 Qxc7 27. Nxc7 Rb8 28. Nb5) 24... fxe5 (24... Kxg6 $11 {keeps the balance.} 25. Qc7 Qe8) 25. Nxf8+ $16 Rxf8 $11 {[%mdl 4096] Endgame KR-KR} 26. Rd7 Rf4 27. b3 ({Reject} 27. Rxa7 $6 Rxc4 28. b3 Rc2 $11) 27... a5 28. Re7 ({White should try} 28. a4 $16) 28... Rd4 $1 29. Rxe5 Rd2 $1 30. Re6 {[#] Hoping for a4.} a4 {The position is equal.} 31. bxa4 Rxa2 32. Rxb6 {Rb5 is the strong threat.} Rxa4 33. Rc6 Rxc4 {Precision: White = 58%, Black = 68%.} 1/2-1/2

[Event "1st Irena Warakomska Memorial"]
[Site "Suwalki"]
[Date "2017.08.16"]
[Round "7"]
[White "Ulybin, Mikhail"]
[Black "Almasi, Istvan"]
[Result "1-0"]
[WhiteElo "2518"]
[BlackElo "2408"]
[Annotator "TA"]
[PlyCount "61"]
[EventDate "2017.??.??"]
[EventType "swiss"]
[EventCountry "POL"]
[SourceTitle "playchess.com"]
[Source "ChessBase"]
[SourceQuality "1"]

{[%evp 26,61,40,20,38,44,108,126,263,266,269,262,266,258,389,397,391,367,382,362,556,556,554,528,906,883,1298,1271,990,954,1226,1195,3066,1437,5456,6129,29990,2272]} 1. c4 Nf6 2. d4 e6 3. g3 c5 4. d5 exd5 5. cxd5 g6 6. Nc3 d6 7. Nf3 Bg7 8. Bg2 O-O {[%cal Bh8f8,Bf8e8,Be8e4,Be4b4][%mdl 32]} 9. O-O Re8 10. Re1 a6 11. a4 {A62: Modern Benoni: Fianchetto Variation without early ...Nbd7} Ne4 (11... Nbd7 12. e4 Ng4 13. Nd2 Nge5 14. Bf1 Nf8 15. a5 g5 16. f4 gxf4 17. gxf4 Ng4 18. Nf3 f5 19. h3 fxe4 20. Nxe4 Nf6 {½-½ (34) Ding,L (2755)-Grischuk,A (2794) Tsaghkadzor 2015}) 12. Nxe4 Rxe4 13. Nd2 Rb4 14. Ra2 {LiveBook: 6 Games} c4 15. Ne4 $146 ({Find the theoretical novelty and annotate with similar games:} 15. Qc2 Qc7 16. Nb1 Nd7 17. Bd2 Rb3 18. Na3 Ne5 {1-0 (72) Kantorik,M (2229)-Vesselovsky,S (2353) Ostrava 2015}) 15... Bf5 ({Better is} 15... a5 $1 $14) 16. Bg5 $16 Qb6 (16... f6 $16 {is a better defense.} 17. Bd2 Rb3) 17. a5 $18 Qd4 18. Qxd4 ({Much less strong is} 18. Nxd6 $6 Qxd1 19. Rxd1 Bc2 $16) 18... Bxd4 19. Nxd6 Bxb2 {[#]} (19... Bc2 $142 20. Ra3 Bxb2) 20. Rxb2 $1 {[%mdl 512]} Rxb2 21. Nxc4 Rb5 22. Nb6 Ra7 (22... Rxb6 $142 23. axb6 a5) 23. e4 {[%cal Be2e4,Be4e5][%mdl 32]} Bg4 24. h3 {[%cal Bh2h3,Bh3g4][%mdl 32]} Nd7 25. hxg4 Nxb6 26. axb6 Ra8 27. e5 a5 28. d6 {[%cal Bd5d6,Bd6d7][%mdl 32]} a4 29. Bxb7 (29. d7 $142 Rb8 30. Rc1 Rxb6 31. Bh6 Rc6 32. Bxc6 bxc6 33. Rxc6 Rb1+ 34. Kg2 Rg1+ 35. Kxg1 f5 36. d8=Q+ Kf7 37. Qf8#) 29... Rb8 30. d7 a3 31. Bc8 {Precision: White = 64%, Black =  8%.} (31. Rc1 $142 Rb1 32. Bc8 Rxc1+ 33. Bxc1 h6 34. d8=Q+ Kh7 35. e6 Rxc8 36. Qxc8) 1-0

[Event "1st Irena Warakomska Memorial"]
[Site "Suwalki"]
[Date "2017.08.16"]
[Round "7"]
[White "Jakubowski, Krzysztof"]
[Black "Sandipan, Chanda"]
[Result "1-0"]
[WhiteElo "2515"]
[BlackElo "2568"]
[Annotator "TA"]
[PlyCount "133"]
[EventDate "2017.??.??"]
[EventType "swiss"]
[EventCountry "POL"]
[SourceTitle "playchess.com"]
[Source "ChessBase"]
[SourceQuality "1"]

{[%evp 17,133,0,0,0,0,0,0,0,0,0,0,2,10,10,31,12,14,17,5,6,6,0,4,0,18,11,8,10,24,27,63,65,62,36,49,10,22,0,35,26,26,25,25,13,79,31,114,60,58,59,337,306,333,340,331,328,333,297,311,310,506,500,489,303,377,388,383,367,379,366,439,425,452,450,397,448,450,447,418,427,515,523,521,484,519,510,512,484,479,493,492,489,463,450,452,452,608,608,603,608,597,599,586,592,711,698,684,673,642,600,677,594,594,590,11788,11788,4714,4702]} 1. e4 g6 2. d4 Bg7 3. Nf3 d6 4. Bc4 Nf6 5. Qe2 O-O 6. e5 dxe5 7. dxe5 Nd5 8. O-O Bg4 {B06: Modern Defence} (8... c6 9. Bb3 a5 10. c4 Nb4 11. Rd1 Qc7 12. a3 N4a6 13. Bf4 Nc5 14. Bc2 Bg4 15. Nbd2 Ne6 16. Qe3 {½-½ (36) Vetoshko,V (2498)-Chatalbashev,B (2551) Albena 2017}) 9. Rd1 e6 {LiveBook: 4 Games} 10. Nbd2 Nc6 {The position is equal.} 11. h3 Nd4 $1 {[%cal Rd4e2]} 12. Qe4 Nxf3+ 13. Nxf3 Bxf3 14. Qxf3 c6 $146 ({Predecessor:} 14... Bxe5 15. Bxd5 exd5 16. Rxd5 Qf6 17. Qxf6 Bxf6 18. Bf4 Rfd8 19. Rad1 Rxd5 20. Rxd5 Rd8 21. Rxd8+ {½-½ (21) Bellin,R (2400)-Hazai,L (2440) Moscow 1977}) 15. Qe4 b5 16. Bf1 Nc3 17. Rxd8 Nxe4 18. Rd4 Nc5 19. f4 f6 20. Rd6 fxe5 21. Rxc6 exf4 22. c3 Ne4 23. Rxe6 Ng3 24. Bxb5 Rad8 25. Re1 g5 26. Kh2 Rf5 27. a4 Re5 28. Be3 fxe3 29. Kxg3 h5 30. Rad1 Rf8 (30... Rd2 $11 {keeps the balance.}) 31. Rf1 Rb8 (31... Ref5 $14 32. Bc4+ Kh7 33. Rxf5 Rxf5) 32. Be2 (32. Rd7 $16 {Black must now prevent Rff7.} e2 33. Re1) 32... Re7 $14 33. Rf5 $36 {[%mdl 2048] White has some pressure.} Rxb2 $2 {[%mdl 8192]} ({Better is} 33... Be5+ $14 34. Kf3 g4+ 35. hxg4 hxg4+ 36. Kxg4 Rxb2 37. Rg5+ Kf7 38. Bc4+ Kf6 39. Rf1+ Rf2) 34. Rd8+ $1 $18 Kh7 35. Bd3 {Rf6+ would kill now.} Rd2 {[#]} ({Much weaker is} 35... h4+ 36. Kg4 $18 (36. Kh2 $2 Rd2 $19)) 36. Rf1+ $1 ({Not} 36. Rxg5+ $2 {[#]} Rxd3 $1 {[%mdl 512]} 37. Rxd3 e2 $19) 36... Rxd3 37. Rxd3 {[%mdl 4096] Endgame KRR-KRB} Re4 38. Kf3 Rf4+ $2 (38... Rxa4 39. Kxe3 Be5) 39. Ke2 Rxa4 40. Kxe3 Be5 41. Rf5 Bf4+ 42. Kf3 Kg6 43. g4 hxg4+ 44. hxg4 Rc4 45. Ra5 Rc7 46. Ra6+ Kg7 47. Ke2 Re7+ 48. Kd1 Rc7 {White is clearly winning.} 49. Kc2 Be5 50. Ra5 Bf6 51. Rf3 Be7 52. Raf5 Bd8 53. Rd5 Bf6 54. Rd6 Be5 55. Re6 Bf4 56. Rh3 Rd7 57. Rd3 Rc7 58. Rd5 Kf7 59. Rh6 Kg7 60. Ra6 Re7 61. c4 {[%cal Bc3c4,Bc4c5,Bc5c6][%mdl 32]} Kf7 62. Kb3 Rb7+ 63. Ka4 Ke7 64. Rh6 {And now Rh7+ would win.} Kf8 65. c5 Ke7 66. c6 Rc7 67. Kb5 {Precision: White = 72%, Black = 50%.} 1-0

[Event "1st Irena Warakomska Memorial"]
[Site "Suwalki"]
[Date "2017.08.16"]
[Round "7"]
[White "Leniart, Arkadiusz"]
[Black "Bartel, Mateusz"]
[Result "1-0"]
[WhiteElo "2480"]
[BlackElo "2608"]
[Annotator "TA"]
[PlyCount "55"]
[EventDate "2017.??.??"]
[EventType "swiss"]
[EventCountry "POL"]
[SourceTitle "playchess.com"]
[Source "ChessBase"]
[SourceQuality "1"]

{[%evp 21,55,1,15,0,0,0,21,9,23,7,12,-14,0,8,8,11,519,519,485,546,551,551,551,551,536,537,591,610,1076,1073,1192,1209,1268,1277,1200,1179]} 1. d4 Nf6 2. c4 e6 3. Nc3 Bb4 4. f3 c5 5. a3 Bxc3+ 6. bxc3 O-O 7. e4 d6 8. Bd3 Nc6 9. Ne2 b6 10. O-O Ne8 11. f4 {[%cal Bf3f4,Bf4f5][%mdl 32]} f5 {LiveBook: 4 Games. E29: Nimzo-Indian: Sämisch: 5...0-0 6 e3 c5 7 Bd3 Nc6} (11... Ba6 12. f5 exf5 13. exf5 h6 14. f6 Nxf6 15. Ng3 cxd4 16. Nf5 Ne5 17. cxd4 Ng6 18. Qf3 d5 19. Nxh6+ gxh6 20. Qxf6 Qxf6 21. Rxf6 Kg7 22. Rc6 Rac8 23. Rxc8 Rxc8 {½-½ (23) Khairullin,I (2629)-Kravtsiv,M (2565) Jerusalem 2015}) 12. d5 Na5 13. dxe6 fxe4 $146 {The position is equal.} ({Predecessor:} 13... Bxe6 14. exf5 Bf7 15. Ng3 Nf6 16. Ne4 Nxe4 17. Bxe4 Rb8 18. Bd5 Nxc4 19. Qd3 {0-1 (35) Kopta,P (2287)-Rehorek,M (2280) Czechia 2011}) 14. Bxe4 Bxe6 15. f5 Bxc4 16. Nf4 {Ne6 is the strong threat.} Rc8 (16... d5 $5 {[%cal Rd5e4]} 17. Bxd5+ Bxd5 18. Qxd5+ Qxd5 19. Nxd5 Rd8 $15) 17. Bd5+ Bxd5 18. Qxd5+ Kh8 $2 {[%mdl 8192] [#]} (18... Rf7 $11 {and Black stays safe.}) 19. Rf3 $1 $18 {White is clearly winning.} Rf6 {[#] next ...Nc7 is good for Black.} 20. Ng6+ $1 {[%mdl 512]} Rxg6 (20... hxg6 21. Rh3#) 21. fxg6 {[%cal Rf3f8]} Nf6 22. Qe6 Qg8 23. Qh3 Re8 24. Bg5 Ne4 25. Be3 Nf6 26. Raf1 Re5 27. g4 {[%cal Bg2g4,Bg4g5][%mdl 32]} Nc4 28. g5 {Precision: White = 83%, Black = 29%.} 1-0

[Event "1st Irena Warakomska Memorial"]
[Site "Suwalki"]
[Date "2017.08.16"]
[Round "7"]
[White "Krzyzanowski, Marcin"]
[Black "Koziol, Kamil"]
[Result "1-0"]
[WhiteElo "2464"]
[BlackElo "2321"]
[Annotator "TA"]
[PlyCount "154"]
[EventDate "2017.??.??"]
[EventType "swiss"]
[EventCountry "POL"]
[SourceTitle "playchess.com"]
[Source "ChessBase"]
[SourceQuality "1"]

{[%evp 19,154,0,11,0,0,0,0,0,0,0,0,0,0,0,0,0,7,8,20,0,25,30,31,27,60,53,49,33,31,26,66,62,62,53,100,66,58,35,27,26,37,28,39,26,29,20,36,36,36,7,130,131,258,256,264,264,262,261,304,306,306,306,306,303,293,277,265,256,497,222,474,429,559,559,551,489,532,529,495,487,483,483,435,381,945,904,1047,1074,1362,1251,1312,1302,1248,1150,1395,1377,1022,1287,1202,772,984,0,1012,895,12825,10943,12796,5402,1815,29940,7174,8149,5527,12796,4902,3269,1881,1603,29965,29965,29971,29972,29972,29973,29973,29974,29975,29976,29976,29977,29977,29977,29977,29978,29978,29979,29952]} 1. c4 Nf6 2. g3 e6 3. Bg2 d5 4. Nf3 dxc4 5. Qa4+ Bd7 6. Qxc4 {A13: English Opening: 1...e6} c5 7. Ne5 Qc8 8. Nc3 (8. Qd3 Nc6 9. Nxd7 Qxd7 10. Qxd7+ Kxd7 11. Nc3 Be7 12. b3 Rac8 13. Bb2 Rhd8 {½-½ (51) Yu,Y (2744)-Wang,Y (2699) Huocheng County 2017}) 8... Nc6 9. Nxd7 Qxd7 10. O-O Be7 {LiveBook: 16 Games} 11. d3 Rc8 12. Qa4 O-O 13. Bg5 Rfd8 14. Rac1 $146 b6 15. Rfd1 h6 16. Bd2 Nd4 17. Qxd7 Rxd7 18. Be1 g5 19. Kf1 (19. e3 $5 {[%cal Re3d4]} Nf5 20. Nb5 $11) 19... Kg7 20. e3 Nc6 21. d4 Nb8 22. dxc5 Rxc5 23. Ke2 Rxd1 24. Rxd1 Kg6 25. f4 gxf4 26. exf4 {[%cal Be3f4,Bf4e5][%mdl 32]} e5 27. b4 Rc8 $1 28. fxe5 Bxb4 29. Ne4 Bxe1 30. Nxf6 Bc3 31. Rc1 (31. Nd5 {is interesting.} Rc5 32. Nf4+ Kg7 33. e6 Re5+ 34. Kd3) 31... Rc5 32. Ne4 Rxe5 33. Rxc3 {Black must now prevent Kf1.} f5 34. Ra3 a6 (34... Nd7 $11) 35. Rd3 $16 {And now Rd8 would win.} a5 (35... Kf7 $16) 36. Rd6+ $18 Kf7 37. Rxb6 Nd7 38. Rb7 Ke8 39. Rb5 $1 {[%cal Rb5e5]} fxe4 40. Rxe5+ Nxe5 41. Bxe4 {[%mdl 4096] Endgame KB-KN} Ke7 42. h3 Kd6 43. Ke3 Kc5 $2 (43... Nd7 {might work better.} 44. Kf4 Nc5) 44. g4 (44. Kf4 $142 Nf7 45. h4) 44... a4 $2 (44... Kd6 45. Kf4 Ke6) 45. Bf5 a3 46. h4 Kd6 47. Ke4 Nc6 {[#]} 48. Bh7 $1 Ke6 49. Bg8+ Kf6 50. Bb3 Ne7 51. Bd1 Ng6 $2 (51... Nc6 52. Ba4 Ne7) 52. h5 Ne7 53. Kd4 Kg5 54. Kc4 Kf4 55. Kb3 Nd5 {[#]} 56. Be2 $1 {[%cal Re2c4]} Nf6 57. Kxa3 Ke3 58. Bd1 Kd2 59. Bf3 Ke3 60. Bd1 Kd2 $1 61. Bb3 Nxg4 62. Kb4 Ne5 63. Kc5 (63. a4 $142 Nd7 64. Kb5) 63... Nd7+ 64. Kd6 Nf6 65. Bf7 Kc3 66. Ke5 (66. Ke6 $142 Ne4 67. Kf5) 66... Nd7+ 67. Kf5 Kd4 68. Kg6 Ke5 69. Bb3 {White mates.} Nc5 70. Kxh6 Kf6 71. Kh7 Ne4 72. h6 {[%cal Bh5h6,Bh6h7][%mdl 32]} Ng3 73. Kg8 Nf5 74. h7 Ne7+ 75. Kf8 Ng6+ 76. Ke8 Kg7 77. a4 Ne5 {Precision: White = 77%, Black = 35%.} 1-0

[Event "1st Irena Warakomska Memorial"]
[Site "Suwalki"]
[Date "2017.08.16"]
[Round "7"]
[White "Barski, Radoslaw"]
[Black "Sagar, Shah"]
[Result "1/2-1/2"]
[WhiteElo "2444"]
[BlackElo "2397"]
[Annotator "TA"]
[PlyCount "56"]
[EventDate "2017.??.??"]
[EventType "swiss"]
[EventCountry "POL"]
[SourceTitle "playchess.com"]
[Source "ChessBase"]
[SourceQuality "1"]

{[%evp 20,56,42,42,45,36,57,63,55,48,47,30,52,50,64,51,50,50,51,49,54,48,38,0,39,0,0,0,0,0,0,0,0,0,0,0,0,0,24]} 1. e4 {[%cal Be2e4,Be4e5][%mdl 32]} c6 2. d4 d5 3. e5 Bf5 4. Nd2 e6 5. Nb3 Nd7 6. Nf3 Bg6 {B12: Caro-Kann: Advance Variation} (6... a6 7. Be2 c5 8. dxc5 Bxc5 9. Nxc5 Nxc5 10. Be3 Rc8 11. O-O Ne7 12. c4 O-O 13. Rc1 Qa5 14. Bg5 {½-½ (29) Kravtsiv,M (2657)-Najer,E (2706) Kocaeli 2017}) 7. Be2 Nh6 8. O-O Nf5 9. Bd2 Be7 10. g4 Nh4 11. Nxh4 {LiveBook: 42 Games} Bxh4 12. f4 {[#] f5 is the strong threat.} f5 13. c4 Be7 14. cxd5 (14. Ba5 $5 {[%cal Ra5d8]} b6 15. Bd2 $14) 14... cxd5 15. Rc1 $146 O-O 16. g5 Rc8 17. Rxc8 Qxc8 18. Qb1 Nb6 19. Rc1 Nc4 20. Qc2 {[%cal Re2c4]} b5 21. Na5 Qe8 (21... Qa6 $5 {[%cal Rc4a5]} 22. Nb3 Rc8 $11) 22. b3 Nxa5 {The position is equal.} 23. Bxa5 Ba3 24. Rd1 Bh5 25. Rd3 b4 {And now ...Bxe2 would win.} 26. Bc7 Bxe2 27. Qxe2 Qc6 28. Bd6 Rc8 {Precision: White = 79%, Black = 52%.} 1/2-1/2

[Event "1st Irena Warakomska Memorial"]
[Site "Suwalki"]
[Date "2017.08.16"]
[Round "7"]
[White "Bilguun, Sumiya"]
[Black "Mihok, Oliver"]
[Result "1/2-1/2"]
[WhiteElo "2443"]
[BlackElo "2534"]
[Annotator "TA"]
[PlyCount "71"]
[EventDate "2017.??.??"]
[EventType "swiss"]
[EventCountry "POL"]
[SourceTitle "playchess.com"]
[Source "ChessBase"]
[SourceQuality "1"]

{[%evp 19,71,17,33,2,6,-12,0,-20,0,-20,0,0,25,24,25,25,29,29,33,32,31,0,16,7,9,0,59,0,0,-31,0,0,0,0,0,0,0,0,0,0,0,0,0,0,0,0,0,0,17,17,30,23,29,22]} 1. e4 c5 2. Nf3 e6 3. d4 cxd4 4. Nxd4 Nc6 5. Nc3 Qc7 6. g3 a6 7. Bg2 Nf6 8. O-O d6 9. Re1 {B80: Sicilian Scheveningen: 6 g3 and 6 Be3, including English Attack} Nd7 (9... Bd7 10. Nxc6 bxc6 11. e5 dxe5 12. Qe2 Bd6 13. b3 Nd5 14. Bb2 O-O 15. Na4 Rab8 16. c4 Nb6 17. c5 Nxa4 18. cxd6 Qb6 19. Bxe5 {½-½ (41) Safarli,E (2668)-Gelashvili,T (2563) Minsk 2017}) 10. a4 Be7 {LiveBook: 4 Games} 11. Nxc6 {White is slightly better.} bxc6 12. Bf4 $146 ({Predecessor:} 12. Be3 O-O 13. a5 Bb7 14. Qe2 c5 15. f4 Rfe8 16. Nd1 d5 {½-½ (51) Isserman,R (2331)-Mishuchkov,N (2359) Dresden 2013}) 12... O-O 13. Qd2 Ne5 14. b3 Rd8 15. a5 Bf6 16. Na4 Bb7 17. Nb6 $36 {[%mdl 2048] White has some pressure.} Rab8 18. Rad1 c5 19. h3 h6 20. g4 g5 21. Bg3 Qe7 22. Kh1 Qf8 (22... Bc6 $11) 23. Re2 (23. f4 $14 Ng6 24. fxg5 Bxg5 25. Qf2) 23... Ng6 24. Nc4 {[%cal Rg3d6]} d5 (24... Be5 $5) 25. Bxb8 dxc4 26. Bd6 Be7 $1 {[%cal Rd8d6]} 27. e5 Bxg2+ 28. Kxg2 Nf4+ 29. Kf1 $1 {[#] Hoping for Bxe7.} Nxe2 (29... Bxd6 {looks sharper.} 30. exd6 cxb3 31. cxb3 Nd5 32. Kg1 Qxd6 33. Qd3 Rb8) 30. Kxe2 cxb3 31. cxb3 Qe8 32. Qc3 (32. Qd3 $5 {[%cal Rd3a6]} Qc6 33. f3 $11) 32... Qb5+ 33. Ke1 Bxd6 34. exd6 Qc6 35. Qd3 Rd7 36. Kf1 {Precision: White = 49%, Black = 44%.} 1/2-1/2